| 000 | 01693nam a22001937a 4500 | ||
|---|---|---|---|
| 005 | 20250603154735.0 | ||
| 008 | 250418b |||||||| |||| 00| 0 eng d | ||
| 020 | _a9781032493329 | ||
| 040 |
_aSDCL _cSDCL |
||
| 041 |
_2eng _aeng |
||
| 084 | _aX:732:8 R4 | ||
| 100 |
_aHines, Tony _9752431 |
||
| 245 |
_aSupply chain strategies : _bDemand driven and customer focused |
||
| 250 | _a3rd ed. | ||
| 260 |
_aLondon : _bRoutledge, _c2024. |
||
| 300 | _axv, 399p. | ||
| 520 | _aSupply Chain Strategies demonstrates how organizations must take strategic decisions in order to manage their supply chains to sustain competitiveness in the global economy. Whereas many textbooks on supply chain management focus on purchasing and operations, this new edition of Tony Hines’ text focuses upon the direction-setting and efficient resource-allocation that organizations need to provide in order to satisfy their customers. Overcoming tensions between political, economic, technological, ethical and environmental considerations is shown to be vital to develop effective strategies for managing the supply chain. The third edition of Tony Hines’ successful textbook integrates thoroughly updated international cases to demonstrate how strategic thinking and SCM play out in the real world, and contains a host of useful pedagogy to reinforce learning, including learning outcomes for each chapter, discussion questions and a handy glossary. New to this edition are chapters discussing supply chain risk, procurement strategies and supply chain futures. This book is ideal for courses on supply chain management – especially those that require a strategic element. | ||
| 942 |
_2CC _cTEXL _n0 |
||
| 999 |
_c1309142 _d1309142 |
||